000
00297nam a2200121Ia 4500
008
190216s9999||||xx |||||||||||||| ||und||
100
_a
Jindal S L
245
0
_a
Flowering Shrubs In India
260
_b
Publications Division Govt. Of India
_c
1982
300
_a
128p
650
_a
Botany
942
_c
BK
999
_c
1128
_d
1128